00919nam a2200253 u 450000100070000000500170000700800410002403500110006504000130007604100080008908200080009710000420010524500190014726000430016630000140020952002570022365000350048065000250051565000280054065000330056870000470060150200100064852600070065864491520260506090251.0010207s2000 ||||||m| spa  a644915 ccomduadb aspa 4a79210aCiódaro Pérez, Maribell4auteaut10aTeatro silente aMedellín :b[sin publicador],c2000. a133 hojas3 ateatro silente es todo la esprecion corporal y por decir de alguna manera, el lenguaje del cuerpo, sin ser una exprecion verbal. incluyendo en su mundo a los actores del comùn como son los sordos y siendo este, el teatro silente, una forma de educar. 7aTeatro en la educación2lemb aProyectos artisticos aProyecto Teatro silente 7aActividades culturales2lemb10aGutierrez Torres, Diana Patricia4auteaut b29c7 a29